Advances in Chemical Propulsion; Science To Technology (Record no. 293094)

000 -LEADER
fixed length control field 00352 a2200133 4500
001 - CONTROL NUMBER
control field 58021
020 ## - INTERNATIONAL STANDARD BOOK NUMBER
International Standard Book Number 9780849311710
082 ## - DEWEY DECIMAL CLASSIFICATION NUMBER
Classification number 662.26 ROY
090 ## - LOCALLY ASSIGNED LC-TYPE CALL NUMBER (OCLC); LOCAL CALL NUMBER (RLIN)
-- 35528
-- 35528
100 ## - MAIN ENTRY--PERSONAL NAME
Personal name Gabriel D Roy
245 ## - TITLE STATEMENT
Title Advances in Chemical Propulsion; Science To Technology
Statement of responsibility, etc. Gabriel D Roy
260 ## - PUBLICATION, DISTRIBUTION, ETC.
Place of publication, distribution, etc. New York
Name of publisher, distributor, etc. CRC Press
Date of publication, distribution, etc. 2002
300 ## - PHYSICAL DESCRIPTION
Extent xxiv 528 p
942 ## - ADDED ENTRY ELEMENTS (KOHA)
Institution code [OBSOLETE] NUST-CAE
Call number prefix 662.26 ROY
Holdings
Withdrawn status Lost status Damaged status Not for loan Collection code Permanent Location Current Location Date acquired Total Checkouts Full call number Barcode Date last seen Price effective from Koha item type
          College of Aeronautical Engineering (CAE) College of Aeronautical Engineering (CAE) 04/03/2017   662.26 ROY CAE80417 04/05/2017 04/05/2017 Book
© 2023 Central Library, National University of Sciences and Technology. All Rights Reserved.